|
|
|
|
| LEADER |
00000cam a2200000 7i4500 |
| 001 |
0000004056 |
| 005 |
20050426.0 |
| 040 |
|
|
|a INS
|
| 090 |
0 |
0 |
|a RJQ716.B
|b M36 1991
|
| 245 |
1 |
0 |
|a Pekeliling Kemajuan Pentadbiran Awam 1991 Jilid I/Jabatan Perdana Menteri
|
| 260 |
|
|
|a Kuala Lumpur :
|b Jabatan Perdana Menteri ,
|c 1991
|
| 300 |
|
|
|a 24 cm.
|
| 650 |
0 |
0 |
|a Civil service
|z Malaysia
|
| 650 |
0 |
0 |
|a Public administration
|z Malaysia
|
| 999 |
|
|
|a 0000004462
|b BOOK
|c Reference
|e Default branch
|
| 999 |
|
|
|a 0000024253
|b BOOK
|c Open Shelf
|e Default branch
|
| 999 |
|
|
|a 0000024254
|b BOOK
|c Open Shelf
|e Default branch
|